000 00329nam a2200157Ia 4500
100 _aNambudiripad/K.B.M
650 _aLATEX
942 _cBK
366 _f25
654 _aLATEX
245 _aLatex for begineers
260 _bNarosa Publication House
_c2014
082 _bNAM
546 _aENGLISH
_cComputers
999 _c28524
_d28524